00270nam a2200109Ia 4500100001100000654001100011245004600022260005500068082001800123300000700141546001200148 aAICTE  atools  aCutting tools / metal Cutting C-NO :369 bContinuing Education Programmer AICTEaBangalore a671.53bAICTE a68 aENGLISH